Statistics for 2019 ESPN Top 100 High School Basketball Recruits

Click here to take the quiz!

General Stats

  • This quiz has been taken 18 times
  • The average score is 17 of 100

Answer Stats

RankingHigh SchoolAnswerCollege% Correct
1East High School (TN)James WisemanMemphis
73%
2Oak Hill Academy (VA)Cole AnthonyUNC
67%
21SPIRE Institute (OH)Lamelo BallOverseas (AUS)
67%
28West Charlotte High School (NC)Patrick WilliamsFlorida State
53%
5Little Elm High School (TX)RJ HamptonOverseas (NZ)
53%
4Holy Spirit School (GA)Anthony EdwardsGeorgia
47%
76Trinity High School (KY)David JohnsonLouisville
47%
95Elkins High School (TX)Donovan WilliamsTexas
47%
59American Fork High School (UT)Isaac JohnsonOregon
47%
8IMG Academy (FL)Josh GreenArizona
47%
9Pinnacle High School (AZ)Nico MannionArizona
47%
14IMG Academy (FL)Jeremiah Robinson-EarlVillanova
40%
51Brewster Academy (NH)Kai JonesTexas
40%
11John Marshall High School (MN)Matthew HurtDuke
40%
6NSU University School (FL)Vernon Carey JrDuke
40%
18IMG Academy (FL)Armando BacotUNC
33%
15Ranney School (NJ)Bryan AntoineVillanova
33%
31Sierra Canyon High School (CA)Cassius StanleyDuke
33%
16Rancho Christian High School (CA)Isaiah MobleyUSC
33%
3La Lumiere School (IN)Isaiah StewartWashington
33%
30Duncanville High School (TX)Jahmius RamseyTexas Tech
33%
52DeMatha Catholic High School (MD)Justin MooreVillanova
33%
12Roselle Catholic High School (NJ)Kahlil WhitneyKentucky
33%
48Oak Hill Academy (VA)Kofi CockburnIllinois
33%
17Montverde Academy (FL)Precious AchiuwaMemphis
33%
10Ranney School (NJ)Scottie LewisFlorida
33%
33The Villages Charter High School (FL)Tre MannFlorida
33%
13South Garland High School (TX)Tyrese MaxeyKentucky
33%
22Cox Mill High School (NC)Wendell MooreDuke
33%
7Federal Way High School (WA)Jaden McDanielsWashington
27%
71John H. Guyer High School (TX)Jalen WilsonKansas
27%
35La Lumiere School (IN)Keion BrooksKentucky
27%
20Chino Hills High School (CA)Onyeka OkongwuUSC
27%
32SPIRE Institute (OH)Rocket Watts JrMichigan State
27%
65Sunrise Christian Academy (KS)Trayvion JacksonMissouri
27%
64Oak Hill Academy (VA)Christian BrownGeorgia
20%
23Oak Ridge High School (FL)CJ WalkerOregon
20%
29Harvard Westlake High School (CA)Johnny JuzangKentucky
20%
26Porter-Gaud School (SC)Josiah JamesTennessee
20%
47Minnetonka High School (MN)Zeke NnajiArizona
20%
38Mission Bay High School (CA)Boogie EllisMemphis
13%
25Olive Branch High School (MS)DJ JeffriesMemphis
13%
45J.J. Pearce High School (TX)Drew TimmeGonzaga
13%
39McEachern High School (GA)Isaac OkoroAuburn
13%
41Brewster Academy (NH)Jalen LecqueNBA Draft
13%
24Rockwall High School (TX)Samuell WilliamsonLouisville
13%
40Bella Vista College Prep (AZ)Terry ArmstrongArizona
13%
27Center Grove High School (IN)Trayce Jackson-DavisIndiana
13%
19Mountain Brook High School (AL)Trendon WatfordLSU
13%
36Westlake High School (TX)Will BakerTexas
13%
42Brewster Academy (NH)Alonzo GaffneyOhio State
7%
77Paul VI High School (VA)Anthony HarrisUNC
7%
60Gonzaga Prep School (WA)Anton WatsonGonzaga
7%
58AZ Compass Prep (AZ)Chol MarialMaryland
7%
56John H. Guyer High School (TX)De'Vion HarmonOklahoma
7%
34Bettendorf High School (IA)DJ CartonOhio State
7%
67The MacDuffie School (MA)James BouknightUConn
7%
80Trenton Catholic Academy (NJ)Khalif BattleButler
7%
82IMG Academy (FL)Lester QuinonesMemphis
7%
68Woodrow Wilson High School (DC)Makhi MitchellMaryland
7%
55Sunrise Christian Academy (KS)Malik HallMichigan State
7%
43Montverde Academy (FL)Omar PayneFlorida
7%
89Marysville-Pilchuck High School (WA)RaeQuan BattleWashington
7%
79Houston Christian High School (TX)Sahvir WheelerGeorgia
7%
72Woodstock Academy (CT)Tre MitchellUMass
7%
50Lawrence Woodmere Academy (NY)Aidan IgiehonLouisville
0%
61Putnam Science Academy (NH)Akok AkokUConn
0%
98The Patrick School (NJ)Al-Amir DawesClemson
0%
49Montverde Academy (FL)Balsa KoprivicaFlorida State
0%
75St. Andrew's School (RI)Brycen GoodineSyracuse
0%
57St. John's College High School (DC)Casey MorsellVirginia
0%
83Wooddale High School (TN)Chandler LawsonOregon
0%
97Northfield-Mt. Hermon High School (MA)Chris LedlumHarvard
0%
86University Heights Academy (KY)Dekeyvan TandyXavier
0%
37Belleville West High School (IL)EJ LiddellOhio State
0%
74Abington High School (PA)Eric DixonVillanova
0%
66Trinity Christian School (NC)Greg GanttProvidence
0%
53Montverde Academy (FL)Harlond BeverlyMiami
0%
81Mosignor Bonner High School (NJ)Isaiah WongMiami
0%
91Hesperia High School (CA)Jaden ShackelfordAlabama
0%
93Adolfo Camarillo High School (CA)Jaime Jaquez Jr.UCLA
0%
78Walkertown High School (NC)Jalen ConeVirginia Tech
0%
94Westtown School (PA)Jalen GaffneyUConn
0%
69Carver High School (AL)Jaykwon WaltonGeorgia
0%
85Florence High School (MS)Jaylen ForbesAlabama
0%
84Northwood Temple Academy (NC)Josh NickelberryLouisville
0%
63Liberty Heights Athletic Institute (SC)Juwan GaryAlabama
0%
70Holly Springs High School (NC)Kadin ShedrickVirginia
0%
87Uplift Community High School (IL)Markese JacobsDePaul
0%
54Santa Margarita Catholic High School (CA)Max AgbonkpoloUSC
0%
46Kennedy Catholic High School (PA)Oscar TshiebweWest Virginia
0%
62West High School (IA)Patrick McCaffreyIowa
0%
90CBD Montverde Academy (FL)Pavel ZakharovGonzaga
0%
73Findlay College Prep (AZ)PJ FullerTCU
0%
44New Haven High School (MI)Romeo WeemsDePaul
0%
96Vermont Academy (VT)Symir TorrenceMarquette
0%
92IMG Academy (FL)Terrence Shannon Jr.Texas Tech
0%
100Chaminade-Madonna College Prep School (FL)Toumani CamaraGeorgia
0%
99Wasatch Academy (UT)Tristan EnarunaKansas
0%
88Sulphur Springs High School (TX)Victor IwuakorOklahoma
0%

Score Distribution

Percentile by Number Answered

Percent of People with Each Score

Your Score History

You have not taken this quiz